Sports Quiz

Random Sports Quiz

2009 Highest Earning Worldwide Athletes Quiz Stats

 Plays Quiz not verified by Sporcle

Challenge
Share
Tweet
Embed
Score 0/40 Timer 10:00
0 Plays Today
Earning Athlete % Correct
$99,737,626Tiger Woods
99.4%
$52,950,356Phil Mickelson
91.1%
$45,200,000David Beckham
90.9%
$42,410,581LeBron James
90.7%
$31,262,500Kobe Bryant
88.3%
$29,561,341Roger Federer
80.2%
$25,500,000Cristiano Ronaldo
78.2%
$35,000,000Shaquille O'Neal
73.9%
$39,900,000Alex Rodriguez
66.5%
$22,102,500Jermaine O'Neal
66.3%
$27,000,000Peyton Manning
66.1%
$26,410,581Dwyane Wade
64.2%
$28,500,000Derek Jeter
60.3%
$34,750,000Kevin Garnett
59.1%
$39,900,000Lionel Messi
57%
$27,400,000Ronaldinho
53.9%
$20,944,140Jeff Gordon
53.7%
$25,758,000Dwight Howard
52.1%
$26,611,290Dale Earnhardt Jr.
49.8%
$33,070,550Yao Ming
41.4%
Earning Athlete % Correct
$25,126,874Tracy McGrady
41.4%
$28,681,028Vijay Singh
41.2%
$28,937,500Allen Iverson
40.5%
$24,098,705Tim Duncan
40.3%
$40,000,000Manny Pacquiao
39.5%
$22,077,904Dirk Nowitzki
39.5%
$23,250,000CC Sabathia
36.2%
$21,100,000Kaká
35.6%
$32,800,000Lewis Hamilton
32.9%
$23,700,000Thierry Henry
32.9%
$25,250,000Mark Teixeira
28.2%
$24,976,830Sergio García
26.8%
$22,872,000Jason Kidd
24.7%
$35,000,000Fernando Alonso
22.8%
$21,937,879Maria Sharapova
20%
$40,100,000Kimi Räikkönen
18.7%
$21,100,000Jenson Button
16.5%
$23,937,500Stephon Marbury
14.2%
$35,000,000Valentino Rossi
12.6%
$22,500,000Ichiro Suzuki
12.6%

You're not logged in!

Compare scores with friends on all Sporcle quizzes.
OR
Log In

You Might Also Like...

Show Comments

Extras

Top Quizzes Today


Score Distribution

Your Account Isn't Verified!

In order to create a playlist on Sporcle, you need to verify the email address you used during registration. Go to your Sporcle Settings to finish the process.

Report this User

Report this user for behavior that violates our Community Guidelines.

Details: